000 00297nam a2200109Ia 4500
008 230822s2013 xx 000 0 und d
041 _aeng
100 _aKRISHEN P.
245 _aJUNGLE TREES OF CENTRAL INDIA, A FIELD GUIDE FOR TREE SPOTTERS.
260 _bPENGUIN BOOKS LTD
_c2013
300 _a400
999 _c861046
_d861046